<?xml version="1.0" encoding="UTF-8"?>
<record
    xmlns:xsi="http://www.w3.org/2001/XMLSchema-instance"
    xsi:schemaLocation="http://www.loc.gov/MARC21/slim http://www.loc.gov/standards/marcxml/schema/MARC21slim.xsd"
    xmlns="http://www.loc.gov/MARC21/slim">

  <leader>03840nam a2200361 i 4500</leader>
  <controlfield tag="003">DO-SdBNP</controlfield>
  <controlfield tag="005">20250515140454.0</controlfield>
  <controlfield tag="006">a||||gr|||| 00| 0 </controlfield>
  <controlfield tag="007">ta</controlfield>
  <controlfield tag="008">231026b2018    dr ab||| |||| 00| m spa d</controlfield>
  <datafield tag="040" ind1=" " ind2=" ">
    <subfield code="a">DO-SdBNP</subfield>
    <subfield code="b">spa</subfield>
    <subfield code="c">BNPHU</subfield>
    <subfield code="e">rda</subfield>
  </datafield>
  <datafield tag="041" ind1=" " ind2=" ">
    <subfield code="h">spa</subfield>
  </datafield>
  <datafield tag="082" ind1=" " ind2="4">
    <subfield code="a">362.2097293</subfield>
    <subfield code="b">L937a</subfield>
    <subfield code="2">22</subfield>
  </datafield>
  <datafield tag="100" ind1="1" ind2=" ">
    <subfield code="a">Luciano, Dinys,</subfield>
    <subfield code="9">86088</subfield>
    <subfield code="e">autor</subfield>
  </datafield>
  <datafield tag="245" ind1="1" ind2="0">
    <subfield code="a">An&#xE1;lisis de situaci&#xF3;n en salud mental y atenci&#xF3;n primaria en Rep&#xFA;blica Dominicana :</subfield>
    <subfield code="b">informe de investigaci&#xF3;n /</subfield>
    <subfield code="c">Luciano Dinys, Edna Nadal, Sonia Brito,  Mart&#xED;n Negrete, Ivette Contreras.</subfield>
  </datafield>
  <datafield tag="264" ind1=" " ind2="1">
    <subfield code="a">Santo Domingo :</subfield>
    <subfield code="b">Ministerio de Salud P&#xFA;blica,</subfield>
    <subfield code="c">2018</subfield>
  </datafield>
  <datafield tag="300" ind1=" " ind2=" ">
    <subfield code="a">121 p&#xE1;ginas :</subfield>
    <subfield code="b">ilustraciones ; cuadros, gr&#xE1;ficos ;</subfield>
    <subfield code="c">26 cm.</subfield>
  </datafield>
  <datafield tag="336" ind1=" " ind2=" ">
    <subfield code="2">rdacontent</subfield>
    <subfield code="a">texto</subfield>
    <subfield code="b">txt</subfield>
  </datafield>
  <datafield tag="337" ind1=" " ind2=" ">
    <subfield code="2">rdamedia</subfield>
    <subfield code="a">sin mediaci&#xF3;n</subfield>
    <subfield code="b">n</subfield>
  </datafield>
  <datafield tag="338" ind1=" " ind2=" ">
    <subfield code="2">rdacarrie</subfield>
    <subfield code="a">volumen</subfield>
    <subfield code="b">nc</subfield>
  </datafield>
  <datafield tag="500" ind1=" " ind2=" ">
    <subfield code="a">Incluye referencias bibliogr&#xE1;ficas y notas al pie de las p&#xE1;ginas</subfield>
  </datafield>
  <datafield tag="504" ind1=" " ind2=" ">
    <subfield code="a">interinstitucional </subfield>
  </datafield>
  <datafield tag="505" ind1="0" ind2=" ">
    <subfield code="a">1. Descripci&#xF3;n general del estudio 1 -- Definiciones y enfoque 1 -- Objetivos 2 -- Metodolog&#xED;a 2 -- Limitaciones generales del estudio 4 -- 2. An&#xE1;lisis de contexto de la salud mental 5 -- Magnitud de los trastornos MNS y factores asociados 6 -- Carga de enfermedad asociada a trastornos MNS 15 -- Pol&#xED;ticas, normas e inversi&#xF3;n p&#xFA;blica 26 -- Disponibilidad y utilizaci&#xF3;n de servicios para la atenci&#xF3;n a trastornos MNS 31 -- Recursos humanos y programas de formaci&#xF3;n 32 -- Colaboraci&#xF3;n interinstitucional, apoyo social, prevenci&#xF3;n y sistemas de informaci&#xF3;n 33 -- 3. Entrevistas a tomadores de decisiones 36 -- Caracter&#xED;sticas de las personas entrevistadas 36 -- Trastornos MNS a nivel nacional y provincial 37 -- Garant&#xED;as de servicios 41 -- Mecanismos de coordinaci&#xF3;n interinstitucional 43 -- Actitudes y creencias sobre la salud mental 44 -- Necesidades organizacionales y program&#xE1;ticas para la oferta de servicios de salud mental 45 -- Colaboraci&#xF3;n intra e intersectorial 48 -- 4. Entrevistas a proveedores de servicios 48 -- Caracter&#xED;sticas de las personas entrevistadas 49 -- Perfil de la demanda de servicios de salud mental 50 -- Oferta de servicios, disponibilidad y utilizaci&#xF3;n de herramientas t&#xE9;cnicas y normativas 53 -- Prevenci&#xF3;n y promoci&#xF3;n 57 -- Patrones de utilizaci&#xF3;n de servicios de salud mental 58 -- Actitudes y creencias sobre la salud mental 60 -- Necesidades organizacionales y program&#xE1;ticas para la oferta de servicios de salud mental 62 -- Experiencia personal y profesional de las y los proveedores en el trabajo con personas afectadas por trastorno MNS 67 -- 5. Observaci&#xF3;n de servicios de atenci&#xF3;n primaria 68 -- Oferta de servicios de salud mental 68 -- Medicaci&#xF3;n psicotr&#xF3;pica 69 -- Recursos humanos 70 -- Infraestructura f&#xED;sica de las &#xE1;reas asistenciales 70 -- Equipos b&#xE1;sicos y condiciones de mantenimiento 71 -- Expediente cl&#xED;nico 71 -- Acciones de promoci&#xF3;n y prevenci&#xF3;n 72 -- 6. Grupos focales con subpoblaciones a nivel comunitario 74 -- Caracter&#xED;sticas de las y los participantes 75 -- Hallazgos de la entrevista inicial 76 -- Actitudes, creencias y conocimientos sobre salud mental 77 -- Factores asociados a los trastornos MNS y patrones de utilizaci&#xF3;n de servicios 94 -- Necesidades que deben ser atendidas en los servicios de salud, las comunidades y otros sectores 101 -- 7. Discusi&#xF3;n de resultados y recomendaciones 108 -- Discusi&#xF3;n de resultados 108 -- Recomendaciones 114 -- Anexo 119</subfield>
  </datafield>
  <datafield tag="590" ind1=" " ind2=" ">
    <subfield code="a">Inventariado 2023 / DG</subfield>
  </datafield>
  <datafield tag="650" ind1=" " ind2="4">
    <subfield code="a">Salud mental </subfield>
    <subfield code="z">Rep&#xFA;blica Dominicana</subfield>
    <subfield code="9">1052</subfield>
  </datafield>
  <datafield tag="650" ind1=" " ind2="0">
    <subfield code="a">Atenci&#xF3;n primaria de salud</subfield>
    <subfield code="9">20167</subfield>
  </datafield>
  <datafield tag="700" ind1="1" ind2=" ">
    <subfield code="a">Nadal, Edna,</subfield>
    <subfield code="9">86089</subfield>
    <subfield code="e">autor</subfield>
  </datafield>
  <datafield tag="700" ind1="1" ind2=" ">
    <subfield code="a">Brito, Sonia,</subfield>
    <subfield code="9">58055</subfield>
    <subfield code="e">autor</subfield>
  </datafield>
  <datafield tag="700" ind1="1" ind2=" ">
    <subfield code="a">Negrete, Mart&#xED;n,</subfield>
    <subfield code="9">86090</subfield>
    <subfield code="e">autor</subfield>
  </datafield>
  <datafield tag="700" ind1="1" ind2=" ">
    <subfield code="a">Contreras, Ivette,</subfield>
    <subfield code="9">86091</subfield>
    <subfield code="e">autor</subfield>
  </datafield>
  <datafield tag="910" ind1=" " ind2=" ">
    <subfield code="a">DG/Validado. Control de calidad MFF</subfield>
  </datafield>
  <datafield tag="942" ind1=" " ind2=" ">
    <subfield code="2">ddc</subfield>
    <subfield code="c">LBS1</subfield>
  </datafield>
  <datafield tag="952" ind1=" " ind2=" ">
    <subfield code="0">0</subfield>
    <subfield code="1">0</subfield>
    <subfield code="2">ddc</subfield>
    <subfield code="5">1</subfield>
    <subfield code="7">0</subfield>
    <subfield code="8">PD</subfield>
    <subfield code="a">BNPHU</subfield>
    <subfield code="b">BNPHU</subfield>
    <subfield code="c">HD</subfield>
    <subfield code="d">2023-11-03</subfield>
    <subfield code="e">donaci&#xF3;n</subfield>
    <subfield code="l">0</subfield>
    <subfield code="o">BNPHU PD 362.2097293 L937a</subfield>
    <subfield code="p">2023-7603</subfield>
    <subfield code="r">2023-11-03</subfield>
    <subfield code="w">2023-11-03</subfield>
    <subfield code="y">LBS1</subfield>
  </datafield>
  <datafield tag="952" ind1=" " ind2=" ">
    <subfield code="0">0</subfield>
    <subfield code="1">0</subfield>
    <subfield code="2">ddc</subfield>
    <subfield code="5">1</subfield>
    <subfield code="7">0</subfield>
    <subfield code="8">PD</subfield>
    <subfield code="a">BNPHU</subfield>
    <subfield code="b">BNPHU</subfield>
    <subfield code="c">HD</subfield>
    <subfield code="d">2023-11-03</subfield>
    <subfield code="e">donaci&#xF3;n</subfield>
    <subfield code="l">0</subfield>
    <subfield code="o">BNPHU PD 362.2097293 L937a</subfield>
    <subfield code="p">2023-7604</subfield>
    <subfield code="r">2023-11-03</subfield>
    <subfield code="t">e.2</subfield>
    <subfield code="w">2023-11-03</subfield>
    <subfield code="y">LBS1</subfield>
  </datafield>
  <datafield tag="952" ind1=" " ind2=" ">
    <subfield code="0">0</subfield>
    <subfield code="1">0</subfield>
    <subfield code="2">ddc</subfield>
    <subfield code="5">6</subfield>
    <subfield code="7">0</subfield>
    <subfield code="8">DS</subfield>
    <subfield code="a">BNPHU</subfield>
    <subfield code="b">BNPHU</subfield>
    <subfield code="c">HD</subfield>
    <subfield code="d">2023-11-03</subfield>
    <subfield code="e">donaci&#xF3;n</subfield>
    <subfield code="l">0</subfield>
    <subfield code="o">BNPHU DS 362.2097293 L937a </subfield>
    <subfield code="p">2023-7605</subfield>
    <subfield code="r">2023-11-03</subfield>
    <subfield code="t">e.3</subfield>
    <subfield code="w">2023-11-03</subfield>
    <subfield code="y">LBS1</subfield>
  </datafield>
  <datafield tag="999" ind1=" " ind2=" ">
    <subfield code="c">55400</subfield>
    <subfield code="d">55400</subfield>
  </datafield>
</record>
